000 00878nam a22002177a 4500
999 _c11077
_d11077
003 AR-CdUCM
008 190402b ||||| |||| 00| 0 spa d
040 _aMUNICIPALIDAD PROVINCIAL DEL CUSCO
_cBIBLIOTECA MUNICIPAL DEL CUSCO
082 _22ed.
_a631 /
_bC69 / 1946
100 _aCohen, R. L.
_928212
245 _aEconomía de la agricultura /
260 _aMéxico :
_bFondo de cultura económica,
_c1946.
300 _a192 páginas ;
_c19.5 cm.
505 _aContenido: Introducción -- Complejidad de la producción agrícola -- Los rendimientos decrecientes y la localización de la agricultura -- La magnitud de las explotaciones agrícolas -- La venta en los mercados ...
650 _aProducción agrícola
_914763
650 _aAgricultura
_9320
650 _aEconomía
_9382
700 _aMesa, Manuel (traducción)
_928213
942 _2ddc
_cLIBROS
945 _aacv